[Event "FIDE World Cup"]
[Site "Khanty-Mansiysk"]
[Date "2005.11.30"]
[Round "2.1"]
[White "Shirov, Alexei"]
[Black "Kotronias, Vasilios"]
[Result "1-0"]
[WhiteElo "2710"]
[BlackElo "2626"]
[Annotator "Postny,E"]
[PlyCount "131"]
[EventDate "2005.11.27"]
[EventType "k.o."]
[EventRounds "7"]
[EventCountry "RUS"]
[SourceTitle "CBM 111"]
[Source "ChessBase"]
[SourceDate "2006.04.04"]
[SourceVersion "1"]
[SourceVersionDate "2006.04.04"]
[SourceQuality "1"]

1. e4 e5 2. Nf3 Nc6 3. Bb5 Nf6 4. O-O Nxe4 5. d4 Nd6 6. Bxc6 dxc6 7. dxe5 Nf5
8. Qxd8+ Kxd8 9. Nc3 Bd7 10. h3 Ne7 $6 {Obviously, black's main problem in the
"Berlin defense" is the uncastled king. Therefore, he should try to solve this
problem at the first place. If black wants to hide his king on the queenside,
then he can play immediatly 10...Kc8 or 10...h6 followed by 11...Kc8. Another
plan is moving the king to e8. However, in this case preferable continuations
are 9...Ke8 or 9...Ne7, while there is no point of developing the bishop to d7,
at least at such an early stage. Therefore, I don't like this mix of two plans
adopted by Kotronias in the current game.} 11. Ne4 (11. Rd1 Ng6 12. Bg5+ Be7
13. Rd2 Ke8 14. Rad1 Be6 15. Bxe7 Kxe7 16. Kh2 h5 17. Ne4 Bd5 18. Neg5 Rad8 $11
{1/2-1/2 Karjakin,S (2566)-Zhang Zhong (2639)/Moscow 2004/CBM 100 (47)}) 11...
Ng6 12. Nfg5 $5 $146 {Very interesting and dynamic idea. Shirov does not
bother himself with long manoeuvres, while trying to create threats against
the black king as soon as possible.} (12. Re1 Kc8 13. Bd2 h6 14. Rad1 a5 15.
Ng3 c5 16. Nh5 Bf5 17. c4 Be6 18. Re4 a4 19. Bc3 c6 20. g4 b5 21. cxb5 cxb5 22.
a3 Ra7 $15 {0-1 Dervishi,E (2502)-Aleksandrov,A (2659)/Mallorca 2004/CBM 104
no vc (51)}) (12. b3 Kc8 13. Bb2 h6 14. Rad1 a5 15. Rd2 Bb4 16. c3 Be7 17. Rfd1
Rd8 18. c4 Nf4 19. Kh2 a4 20. g4 Ne6 $132 {1/2-1/2 Kosteniuk,A (2490)-Nielsen,
P (2648)/Wijk aan Zee NED 2005/The Week in Chess 534 (56)}) 12... Ke8 ({
Quite risky, but probably playable is:} 12... Nxe5 13. f4 (13. Bf4 h6 14. Bxe5
hxg5 15. Rad1 Kc8 $13) 13... f6 (13... h6 $6 14. fxe5 hxg5 15. Rxf7 $16) 14.
fxe5 fxg5 15. Bxg5+ Ke8 16. Rad1 Be6 $14) 13. f4 h6 14. Nf3 h5 15. Re1 Bf5 16.
Nd4 Bxe4 17. Rxe4 Bc5 18. Be3 Ne7 (18... Bxd4 19. Bxd4 Nh4 (19... Ne7 20. g4
$16) 20. e6 $16) 19. Nf3 $1 {Black was threatening 19...Bxd4 followed by 20...
Nf5. White must keep his knight to be able to remove black's blockade on the
kingside.} Bxe3+ 20. Rxe3 {White has now stable advantage, since black has no
compensation for white's kingside pawn majority.} Nf5 21. Rb3 b6 22. Rc3 Rh6 {
A typical rook manoeuvre in Berlin defense.} 23. Rd1 Rd8 {Black must exchange
one pair of rooks to avoid the penetration along the "d" file.} (23... a5 24.
Rcd3 {[%cal Gd3d7]}) 24. Rxd8+ Kxd8 25. b4 $1 {[%csl Ra7][%cal Gc3a3,Ga3a7]
Preventing a7-a5. Black's Pa7 is actually doomed to fall.} a6 26. Kf2 h4 27.
Ng5 Ke7 28. Ra3 Nd4 29. Rxa6 f6 $1 (29... Nxc2 $2 30. Ra7 Kd7 31. Nxf7 Rh5 32.
Kf3 Nxb4 33. Ng5 $18) 30. Nf3 (30. c3 $6 Nb5 {[%csl Rc3]}) 30... Nxf3 31. gxf3
$1 {Correct recapture. Black will have to exchange on e5 anyway and white will
get connected pawns in the centre.} fxe5 32. fxe5 Rg6 33. Ra7 Kd7 34. Ra3 Ke6
35. Re3 b5 $1 {Now, it will be difficult for white to create a passed pawn on
the queenside.} 36. Re4 Rh6 (36... Rg5 37. Rxh4 Rxe5 38. Re4 $18) 37. Rg4 Kxe5
38. Rxg7 Rd6 $2 {After this move the endgame is beyond saving for black.} ({
It was necessary to run with the king:} 38... Kd4 39. Rxc7 Kc3 40. a3 Kxc2 41.
Re7 Kb2 42. Re3 Rf6 43. Ke2 Rf8 {and there is no clear win for white.}) 39. Ke3
$18 Re6 40. Rg4 Kf5+ 41. Re4 Rh6 {Black is forced to put his rook in a passive
position.} 42. Kd4 {White's king march to the queenside decides the game.} Rd6+
43. Kc5 Kg5 44. a3 Rd2 45. Kxc6 Rh2 (45... Rxc2+ 46. Kxb5 Rc3 47. a4 Rxf3 48.
Rg4+ Kh5 49. Rc4 $18) 46. f4+ Kf5 47. Re3 Rxc2+ 48. Kxb5 Kxf4 49. Rb3 c6+ 50.
Kb6 Rg2 51. a4 Rg3 52. Rb1 Rxh3 53. Kxc6 {Obviously, white's two connected
passed pawns worth more than black's lonely passer.} Ra3 54. a5 h3 55. Kb6 h2
56. a6 Rb3 57. Rf1+ Kg3 58. b5 Kg2 59. Rc1 Rc3 60. a7 Rxc1 61. a8=Q+ Kf2 62.
Qa2+ Kg1 63. Qg8+ Kf2 64. Qf7+ Kg3 65. Qg6+ Kf2 66. Qf5+ 1-0

[Event "EU-Cup 21st"]
[Site "Saint Vincent"]
[Date "2005.09.20"]
[Round "3.2"]
[White "Bologan, Viktor"]
[Black "Naiditsch, Arkadij"]
[Result "0-1"]
[WhiteElo "2700"]
[BlackElo "2612"]
[Annotator "Postny,E"]
[PlyCount "102"]
[EventDate "2005.09.18"]
[EventType "team-swiss"]
[EventRounds "7"]
[EventCountry "ITA"]
[SourceTitle "CBM 110"]
[Source "ChessBase"]
[SourceDate "2006.01.31"]
[SourceVersion "1"]
[SourceVersionDate "2006.01.31"]
[SourceQuality "1"]
[WhiteTeam "Tomsk 400"]
[BlackTeam "Eynatten"]
[WhiteTeamCountry "RUS"]
[BlackTeamCountry "BEL"]

1. e4 e5 2. Nf3 Nc6 3. Bb5 Nf6 4. O-O Nxe4 5. d4 Nd6 6. Bxc6 dxc6 7. dxe5 Nf5
8. Qxd8+ Kxd8 9. Nc3 Ne7 10. h3 h6 11. Ne4 (11. Re1 Ng6 12. Ne4 c5 13. Be3 b6
14. Rad1+ Bd7 15. c4 Kc8 16. Nc3 Be6 17. b3 Be7 18. Nd5 Bd8 19. Bc1 a5 20. Nc3
Kb7 21. Nh2 h5 $11 {1/2-1/2 Lupulescu,C (2546)-Naiditsch,A (2626)/Warsaw 2005/
CBM 108 (66)}) (11. Be3 {A rare move. I don't think that this is the best
square for the bishop, since it blocks the "e" file. Usually white develops
his bishop with help of 11.b3.} Ng6 12. Rad1+ Ke8 13. a3 Be7 14. Rfe1 h5 15.
Nd4 h4 (15... Nxe5 $2 16. Bf4 $16) 16. f4 Rh5 {[%csl Yf5] A typical manoeuvre.
The rook helps to block white's kingside pawns.} 17. Ne4 Bd7 18. c4 b6 19. b4
$1 $14 {1-0 Motylev,A (2675)-Harikrishna,P (2645)/Tiayuan 2005/CBM 108/[Postny]
(37)}) 11... Ng6 12. b3 a5 (12... Ke8 13. Bb2 a5 14. a4 Nf4 15. Rfe1 Bb4 16. c3
Be7 17. Rad1 Ne6 18. c4 Bb4 19. Re3 Bd7 20. Nh4 Rd8 21. Nf5 Bc8 22. Rxd8+ Kxd8
23. Rd3+ Ke8 24. g4 $14 {1-0 Karjakin,S (2591)-Kramnik,V (2770)/Dortmund 2004/
CBM 103 (90)}) 13. a4 $1 $146 {The right move. White should prevent the
advance a5-a4.} (13. Bb2 a4 14. c4 Bd7 15. Rfd1 Kc8 16. Kh2 Rg8 17. g4 Be7 18.
Ng3 c5 19. Nh5 Ra6 $132 {0-1 Netzer,J (2370)-Pavasovic,D (2592)/Salzburg 2004/
CBM 102 ext (52)}) 13... Bd7 14. Bb2 {Probably more precise is 14.Re1, not
allowing yet the move that now follows...} Nf4 $1 {Transfering the knight to
an ideal e6 square.} 15. Rad1 Ke8 16. Kh2 Rd8 17. Rfe1 Ne6 {Till now black
made half of his moves with this knight! However, it's very hard to find a
clear-cut advantage for white.} 18. Nh4 $6 {This manoeuvre is not the best one.
} (18. Ng3 {[%cal Gg3h5] is preferable.}) 18... c5 {[%cal Gc5c4]} 19. c4 Bc6
20. Rxd8+ Kxd8 {It can be concluded that black has solved his opening problems.
} 21. g3 $6 {This move weakens the dark squares in white's camp, which will
become apparent very soon.} (21. Nf5 g6 22. Nfg3 $11) 21... Kc8 22. f4 Be7 23.
Nf5 Bd8 24. Nf2 ({Does not work:} 24. Nxg7 $2 Nxg7 25. e6 f6 26. Nxf6 Nf5 27.
Nd5 (27. g4 Nd4 $17) 27... Nd4 28. e7 Nf3+ 29. Kh1 Nxe1 30. Bxh8 Bxe7 $19) (24.
Nc3 g6 25. Ne3 Nd4 {[%csl Rb3]}) 24... g5 $1 $15 {Black achieved all that he
wanted. All his pieces are harmoniously placed, while white failed in
advancing his pawn majority.} 25. Bc1 (25. Ne4 gxf4 26. gxf4 h5 $15 (26... Nxf4
$2 27. e6 {[%csl Rh8]})) 25... gxf4 26. Bxf4 (26. gxf4 Rg8 27. Rg1 Rxg1 28.
Kxg1 h5 $15) 26... Bg5 27. Nd3 $2 {Probably the decisive mistake. It was
necessary to keep the knight on f2, covering the vital d3 square.} (27. Be3 $15
) 27... Rd8 28. Bxg5 Rxd3 29. Bxh6 Nd4 $1 (29... Rxb3 $2 30. Ne7+ $1 Kd7 31.
Nxc6 Kxc6 32. h4 {[%csl Gh4] and white's "h" pawn is very dangerous.}) 30. Nxd4
cxd4 31. Rb1 Be4 32. Rb2 Kd7 {White is a pawn up, but his pieces dominate the
board completely.} 33. Rf2 (33. Rd2 c5 $1 $19 {[%csl Rb3]}) 33... Rf3 $1 34.
Rxf3 Bxf3 {At the moment, white is even a pawn up, but he is not able to save
most of his queenside pawns.} 35. Bd2 b6 {[%csl Ra4,Rb3,Rc4][%cal Gf3d1]} 36.
b4 (36. c5 bxc5 37. Bxa5 Bd1 $19) 36... axb4 37. Bxb4 c5 38. Bd2 Be2 39. g4
Bxc4 40. Kg3 Bd3 41. Kf4 c4 {Black's two connected passers decide the game.}
42. Bb4 c3 43. h4 Ke6 44. h5 Kd5 45. a5 bxa5 46. Bxa5 Kc4 47. e6 {The last
chance...} fxe6 48. Ke5 Bh7 49. g5 d3 50. Bxc3 Kxc3 51. g6 d2 $1 {[%mdl 4096]}
(51... d2 52. gxh7 d1=Q 53. h8=Q Qd4+ $19) 0-1

[Event "American Continental 3rd"]
[Site "Buenos Aires"]
[Date "2005.08.09"]
[Round "4"]
[White "Vescovi, Giovanni P"]
[Black "Granda Zuniga, Julio E"]
[Result "0-1"]
[WhiteElo "2640"]
[BlackElo "2601"]
[Annotator "Postny,E"]
[PlyCount "58"]
[EventDate "2005.08.06"]
[EventType "swiss"]
[EventRounds "11"]
[EventCountry "ARG"]
[SourceTitle "CBM 109"]
[Source "ChessBase"]
[SourceDate "2005.11.14"]
[SourceVersion "1"]
[SourceVersionDate "2005.11.14"]
[SourceQuality "1"]

1. e4 e5 2. Nf3 Nc6 3. Bb5 Nf6 4. O-O Nxe4 5. d4 Nd6 6. Bxc6 dxc6 7. dxe5 Nf5
8. Qxd8+ Kxd8 9. Nc3 Ne7 {A standard manoeuvre. The knight will be transfered
to g6, where it attacks White's advanced Pe5. The diagonal c8-h3 is now free
for the light-squared bishop.} 10. Bf4 $6 {This manoeuvre is a rare one to see
in "Berlin". White's idea connected with the breakthrow e5-e6 at an
appropriate moment, when the bishops attacks the Pc7. On the other hand, while
the white bishop is on the kingside, it might obstruct White's basic plan of
advancing his kingside pawn majority.} (10. Re1 h6 11. h3 Ng6 12. Ne2 c5 13. b3
Be6 14. Bb2 Kd7 15. h4 Bg4 16. e6+ fxe6 17. Nf4 Nxf4 18. Ne5+ Ke8 19. Nxg4 h5
20. Ne5 Rh6 21. Rad1 Be7 22. c4 Rd8 23. Rxd8+ Bxd8 24. g3 Ng6 25. Nd3 $16 {
[%csl Rc5,Re6,Rg7] 1-0 Adams,M-Almasi,Z/Mallorca 2004 (53)}) (10. h3 Ng6 11.
Bg5+ Ke8 12. Rad1 Bd7 (12... Be6 {- see the annotated game Motylev,A-Zhang
Zhong/Tiayuan 2005/CBM 108 [Postny,E]}) 13. a3 h6 14. Be3 Be7 15. Rd2 b6 16.
Rfd1 Rd8 17. Ne2 c5 18. Nc3 Bc6 19. Nd5 Rd7 20. c4 {1/2-1/2 Leko,P-Kramnik,V/
Dortmund 2004}) (10. b3 {appeared in practice as well.}) 10... Ng6 11. Bg3 $146
(11. Rad1+ Ke8 12. Bg3 Bg4 13. Rd3 Bf5 14. Rd2 Bb4 $11 {1-0 Ninov,N-Van
Hoolandt,P/Cutro 2005 (35)}) 11... Bb4 {Black wins some tempi to complete his
retarded development.} 12. Ne4 Ke7 13. Nd4 $6 (13. a3 Bf5 $1 $11) (13. c3 Ba5
14. Rfe1 {was a preferable option.}) 13... c5 14. Nb3 (14. Nb5 Bf5 $1 {and
Black is fine again.}) 14... c4 15. Nd4 Ba5 $1 {As a result of White's
inaccurate play black's bishop will comfortably set on b6. Black solved his
opening problems.} 16. c3 Bb6 17. Rad1 Rd8 18. Rfe1 Kf8 19. Rd2 $6 {White's
play certainly lacks creativity. It was necessary to go for the typical
breakthrough e5-e6.} (19. e6 Bxd4 $2 (19... fxe6 20. Ng5 Bxd4 21. Rxd4 Rxd4 22.
cxd4 h6 23. Nxe6+ Bxe6 24. Rxe6 Kf7 25. Re4 c6 $11) (19... h6 $5 20. exf7 Kxf7
$11) 20. exf7 Bxf2+ (20... Bf6 $2 21. Nxf6 Rxd1 22. Nxh7+ Kxf7 23. Rxd1 $18)
21. Kxf2 Rxd1 22. Rxd1 Bf5 23. Bxc7 $1 Rc8 (23... Bxe4 24. Rd7 Ne7 25. Bd6 $18)
24. Ba5 $1 Bxe4 25. Rd7 b6 26. Bb4+ Rc5 27. Rxa7 Ne5 28. Bxc5+ bxc5 29. a4 $16
{[%csl Ga4]}) 19... h6 {Covering g5 square.} 20. Red1 {[%csl Rd8][%cal Gd4e6]}
Rd5 $1 {[%csl Re5]} 21. b3 $2 {Giving a pawn without a fight.} (21. f4 Bg4 22.
Re1 Rad8 $17 {[%csl Rd4]}) (21. Nf3 Rxd2 22. Nexd2 Be6 $15) 21... Nxe5 22. h3
f5 $1 {White's knight is trapped in the centre.} 23. Ne2 (23. Nxf5 Rxd2 24.
Nxd2 Bxf5 25. Bxe5 Rd8 $19) 23... Rd3 24. Bxe5 fxe4 25. Nf4 $2 {White's
position is bad, but there was no need to lose so quickly.} (25. Kf1 $17) {
[%tqu "En","Please enter a move for Black.","","","b6f2","",5]} 25... Bxf2+ $1
$19 26. Kh1 (26. Kxf2 e3+ $19) 26... Be3 27. Nxd3 Bxd2 28. bxc4 e3 29. Bf4 Kg8
0-1

[Event "FIDE World Cup"]
[Site "Khanty-Mansiysk"]
[Date "2005.11.28"]
[Round "1.2"]
[White "Frhat, Ali"]
[Black "Aronian, Levon"]
[Result "0-1"]
[WhiteElo "2306"]
[BlackElo "2724"]
[Annotator "Postny,E"]
[PlyCount "102"]
[EventDate "2005.11.27"]
[EventType "k.o."]
[EventRounds "7"]
[EventCountry "RUS"]
[SourceTitle "CBM 111"]
[Source "ChessBase"]
[SourceDate "2006.04.04"]
[SourceVersion "1"]
[SourceVersionDate "2006.04.04"]
[SourceQuality "1"]

1. e4 e5 2. Nf3 Nc6 3. Bb5 Nf6 4. O-O Nxe4 5. d4 Nd6 6. Ba4 {This rare
continuation appeared for the first time far back in 1897! Nowadays, it has
been realived and appeares from time to time on high level as well.} ({The
main line leads to a so popular nowadays "Berlin endgame":} 6. Bxc6 dxc6 7.
dxe5 Nf5 8. Qxd8+ Kxd8) 6... e4 {The safest continuation.} (6... exd4 7. c3 d3
8. Qxd3 Be7 9. Bc2 g6 10. Bh6 Nf5 11. Qd2 d6 12. Re1 Be6 13. Ba4 Nxh6 14. Qxh6
Bf8 15. Qe3 Bg7 16. Ng5 Qd7 17. Nxe6 fxe6 18. Qxe6+ Qxe6 19. Rxe6+ $11 {
1/2-1/2 Ganguly,S (2596)-Ivanchuk,V (2752)/Edmonton 2005/The Week in Chess 558}
) 7. Re1 Be7 8. Ne5 O-O 9. Nc3 f6 (9... Bf6 10. Bf4 Nf5 11. Rxe4 Nfxd4 12. Ng4
Ne6 13. Nxf6+ Qxf6 14. Nd5 Qd8 15. Qh5 $44 {0-1 Showalter,J-Pillsbury,H/New
York 1897/EXT 99 (28)}) 10. Nxc6 (10. Ng4 f5 11. Ne5 Nxe5 12. dxe5 Nf7 13. Bb3
Kh8 14. Bxf7 Rxf7 15. Bf4 d6 16. Qd5 Rf8 17. exd6 Bxd6 18. Rad1 Bd7 19. Bxd6
Bc6 20. Qe5 cxd6 21. Rxd6 Qh4 $11 {1/2-1/2 Kotronias,V (2599)-Georgiev,K (2625)
/Mallorca 2004/CBM 104 no vc (31)}) 10... dxc6 11. Nxe4 Nxe4 12. Rxe4 f5 13.
Re1 f4 {Aronian already played this line successfully last year.} 14. Qf3 $146
(14. c3 Bd6 15. Qh5 Bf5 16. c4 Kh8 17. Bd2 Bc5 18. Bxf4 Bxd4 19. Rad1 Bg6 20.
Qg4 Qf6 21. g3 Bc5 $17 {0-1 Sutovsky,E (2697)-Aronian,L (2675)/Mallorca 2004/
CBM 104 no vc (31)}) (14. Qh5 Bd6 15. Bb3+ Kh8 16. c4 g6 (16... Bf5 $142) 17.
Qf3 Qh4 18. c5 Bg4 19. Qc3 Be7 20. g3 fxg3 21. hxg3 Qf6 22. Bf4 $18 {1-0
Ganguly,S (2583)-Roktim,B (2389)/Dhaka 2005/The Week in Chess 544 (26)}) 14...
Kh8 15. Bd2 a5 16. Bb3 Bd6 17. Be6 {After the exchange of light-squared
bishops white's position becomes completely safe.} Bxe6 18. Rxe6 Qd7 19. Rae1
Rae8 20. R6e4 Rxe4 21. Rxe4 {The position looks deadly equal. Therefore, it's
instructive to follow how Aronian managed to create problems to his opponent.}
h6 22. a4 (22. Bxa5 $6 Ra8 {and black's rook penetrates to 2nd rank.}) (22.
Bxf4 Bxf4 23. Rxf4 Rxf4 24. Qxf4 Qe6 25. h3 Qxa2 $11) 22... b5 {Opening files
on the queenside.} 23. b3 bxa4 24. bxa4 Qf7 25. Bxa5 Ra8 26. Bd2 (26. Bc3 Rxa4
27. h3 Ra3 {and the pin across the 3rd rank is unpleasant for white.}) 26...
Rxa4 27. h3 Ra3 28. c3 Ra1+ 29. Kh2 g5 30. Re1 Ra2 31. Qd3 Qh7 32. Re4 ({After
} 32. Qxh7+ Kxh7 33. Rd1 Kg6 {black is slightly better thanks to his active
rook.}) 32... g4 $1 {Objectively speaking, this move does not bring black any
advantage, but it's a nice practical chance which fully paid off in the game.}
33. hxg4 h5 34. g5 f3+ 35. Kh3 $2 {White didn't manage to calculate the
variations precisely and cracked under pressure. The move in the text loses a
piece.} (35. g3 $1 h4 (35... Rxd2 $4 36. Re8+ Kg7 37. Qxd2 h4 38. Re5 hxg3+ 39.
Kxg3 Qh1 40. Qe3 Qg2+ 41. Kf4 $18) 36. Kh3 (36. Bf4 Rxf2+ 37. Kg1 Re2 38. g6
Qxg6 39. Be5+ Bxe5 40. Rxh4+ Kg7 41. Qxg6+ Kxg6 42. dxe5 $11) (36. Re8+ Kg7 37.
Qxh7+ Kxh7 38. Bf4 Rxf2+ 39. Kh3 Re2 40. Be5 f2 41. g6+ Kxg6 42. Re6+ Kh7 43.
Rf6 hxg3 44. Bxd6 Re1 45. Kxg3 f1=Q 46. Rxf1 Rxf1 47. Bxc7 {The endgame is
drawish.}) (36. Qxf3 $2 hxg3+ 37. Kg2 Qh2+ 38. Kf1 g2+ 39. Qxg2 Qxg2+ 40. Kxg2
Rxd2 $19) 36... hxg3+ (36... Rxd2 37. Re8+ Kg7 38. Qxd2 hxg3+ 39. Kg4 g2 40.
Re1 g1=Q+ 41. Rxg1 Qe4+ 42. Kh3 Qh7+ 43. Kg4 Qe4+ {and black gives a perpetual
check.}) 37. Rh4 Qxh4+ 38. Kxh4 g2 39. Qxf3 g1=Q 40. Qf6+ {and white gives a
perpetual check.}) {[%tqu "En","How can Black win a piece?","","","a2d2","",5]}
35... Rxd2 $1 36. Qxf3 ({The variation} 36. Re8+ Kg7 37. Qxd2 Qf5+ 38. Kh4 Qg4#
{shows the main drawback of 35.Kh3.}) 36... Qg6 {Black's extra bishop gives
him an easy win.} 37. g3 Rxf2 38. Qxf2 Qxe4 39. Qf6+ Kg8 40. Qd8+ Bf8 {No
chance for a perpetual check for white.} 41. Kh2 Qe2+ 42. Kg1 Qe7 43. Qc8 Qxg5
44. Qxc7 Qe3+ 45. Kg2 Qxc3 46. Qe5 Qc2+ 47. Kh3 Qg6 48. Qe3 Bd6 49. Qb3+ Kg7
50. Qf3 Qxg3+ {The simplest.} 51. Qxg3+ Bxg3 0-1